[Event "ITA-ch semiblitz"]
[Site "Chianciano Terme"]
[Date "2018.04.02"]
[Round "3"]
[White "Gilevich, Artem"]
[Black "Cecconi, Giovanni Alberto"]
[Result "1-0"]
[WhiteElo "2407"]
[BlackElo "2047"]
[PlyCount "64"]
[EventDate "2018.04.02"]
[EventType "swiss (rapid)"]
[EventRounds "9"]
[EventCountry "ITA"]
[SourceTitle "CBM 183 Extra"]
[Source "ChessBase"]
[SourceDate "2018.04.19"]
[SourceVersion "1"]
[SourceVersionDate "2018.04.19"]
[SourceQuality "1"]

1. e4 g6 2. d4 Bg7 3. c4 d6 4. Nf3 Nf6 5. Nc3 0-0 6. Be2 Bg4 7. Ng1 Bxe2 8. Ngxe2 Nbd7 9. 0-0 e5 10. d5 Ne8 11. Be3 f5 12. exf5 gxf5 13. f4 c5 14. dxc6 bxc6 15. Qd2 Nc5 16. Rad1 Qe7 17. b4 Ne6 18. b5 cxb5 19. cxb5 Kh8 20. Nd5 Qf7 21. a4 Nd4 22. Bxd4 exd4 23. Nb4 Nf6 24. Nxd4 Ne4 25. Qd3 Rae8 26. Nbc6 Nc5 27. Qc2 Re4 28. a5 Rc8 29. Nf3 a6 30. Rxd6 Ne6 31. Rc1 h6 32. Nce5 Qa7+ 1-0

[Event "Montecatini Terme op"]
[Site "Montecatini Terme"]
[Date "2011.08.01"]
[Round "2"]
[White "Bruno, Fabio"]
[Black "Cecconi, Giovanni Alberto"]
[Result "0-1"]
[WhiteElo "2466"]
[BlackElo "2141"]
[PlyCount "102"]
[EventDate "2011.07.31"]
[EventType "swiss"]
[EventRounds "9"]
[EventCountry "ITA"]
[SourceTitle "CBM 143 Extra"]
[Source "ChessBase"]
[SourceDate "2011.08.29"]
[SourceVersion "1"]
[SourceVersionDate "2011.08.29"]
[SourceQuality "1"]

1. d4 d6 2. Nf3 g6 3. c4 f5 4. Nc3 Nf6 5. g3 Bg7 6. Bg2 0-0 7. 0-0 Nc6 8. d5 Na5 9. Qd3 c5 10. Rb1 Bd7 11. Bd2 a6 12. b4 cxb4 13. Rxb4 Rc8 14. Nd4 Ng4 15. f4 Qc7 16. e4 Nxc4 17. Nce2 b5 18. Rbb1 Nxd2 19. Qxd2 Qb6 20. h3 Ne5 21. Kh2 Nc4 22. Qd3 Qa5 23. Rfd1 Qa3 24. Qxa3 Nxa3 25. Rb3 Nc4 26. exf5 Bxf5 27. g4 Bd7 28. Be4 Rc5 29. Kg3 Nb6 30. Rf3 Rc4 31. Ra3 Na4 32. Bf3 b4 33. Re3 Nc3 34. Rd2 Nxe2+ 35. Nxe2 Kf7 36. Be4 a5 37. Bd3 Rc5 38. Kf3 Rfc8 39. Be4 Ba4 40. Nd4 Bxd4 41. Rxd4 Rc3 42. Bd3 Bc2 43. Bb5 Bb1 44. Rd2 Rc2 45. Rxc2 Rxc2 46. a3 Ba2 47. Bc6 Rd2 48. axb4 axb4 49. Re1 b3 50. Ke3 Rh2 51. Ba4 b2 0-1

[Event "ITA-chT"]
[Site "Arvier"]
[Date "2008.05.02"]
[Round "3.4"]
[White "Garcia Palermo, Carlos H"]
[Black "Cecconi, Giovanni Alberto"]
[Result "1-0"]
[WhiteElo "2465"]
[BlackElo "2206"]
[PlyCount "79"]
[EventDate "2008.05.01"]
[EventType "team"]
[EventRounds "7"]
[EventCountry "ITA"]
[SourceTitle "CBM 124 Extra"]
[Source "ChessBase"]
[SourceDate "2008.07.03"]
[SourceVersion "1"]
[SourceVersionDate "2008.07.03"]
[SourceQuality "1"]

1. d4 f5 2. Nf3 Nf6 3. c4 e6 4. g3 c6 5. Bg2 d5 6. 0-0 Bd6 7. b3 Qe7 8. a4 Ne4 9. Ba3 Bxa3 10. Nxa3 0-0 11. Nc2 Nd7 12. Nce1 Ndf6 13. Nd3 Bd7 14. Nfe5 Be8 15. f3 Nd6 16. Qd2 Nf7 17. e3 Nxe5 18. dxe5 Nd7 19. Rfc1 Rf7 20. c5 g5 21. b4 Nf8 22. f4 Rg7 23. Ne1 h5 24. Nf3 Nh7 25. h4 gxh4 26. gxh4 Rg4 27. Kf2 Nf8 28. Rh1 Ng6 29. Bh3 Nf8 30. Rab1 b6 31. Qd4 Nd7 32. Rhc1 bxc5 33. bxc5 Nf8 34. Qb2 Rc8 35. Qb7 Rc7 36. Qa8 Rxh4 37. Rb8 Bg6 38. Rxf8+ Qxf8 39. Qxf8+ Kxf8 40. Nxh4 1-0

[Event "Piacenza op 2nd"]
[Site "Piacenza"]
[Date "2006.10.20"]
[Round "1"]
[White "Rezzuti, Vincenzo"]
[Black "Cecconi, Giovanni Alberto"]
[Result "0-1"]
[WhiteElo "2051"]
[BlackElo "2176"]
[PlyCount "56"]
[EventDate "2006.10.20"]
[EventType "swiss"]
[EventRounds "5"]
[EventCountry "ITA"]
[SourceTitle "EXT 2024"]
[Source "ChessBase"]
[SourceDate "2023.10.10"]
[SourceVersion "1"]
[SourceVersionDate "2023.10.10"]
[SourceQuality "1"]

1. e4 c5 2. d4 cxd4 3. c3 d3 4. Bxd3 d6 5. h3 Nc6 6. Nf3 g6 7. 0-0 Bg7 8. c4 Nf6 9. Nc3 0-0 10. Bg5 Bd7 11. a3 Rc8 12. Qe2 h6 13. Be3 Kh7 14. Rfd1 Nh5 15. e5 dxe5 16. Ng5+ Kg8 17. Bf5 gxf5 18. Qxh5 hxg5 19. Bxg5 Qe8 20. Bh6 f6 21. Qh4 Be6 22. Rd3 Bxh6 23. Qxh6 f4 24. Rad1 Rf7 25. Qg6+ Rg7 26. Qxe8+ Rxe8 27. Nd5 Bf5 28. Rb3 Bc2 0-1

[Event "Lodi op 1st"]
[Site "Lodi"]
[Date "2005.06.12"]
[Round "4"]
[White "Foglia, Maurizio"]
[Black "Cecconi, Giovanni Alberto"]
[Result "1-0"]
[WhiteElo "2089"]
[BlackElo "2183"]
[PlyCount "53"]
[EventDate "2005.06.10"]
[EventType "swiss"]
[EventRounds "5"]
[EventCountry "ITA"]
[SourceTitle "EXT 2007"]
[Source "ChessBase"]
[SourceDate "2006.11.23"]
[SourceVersion "1"]
[SourceVersionDate "2006.11.23"]
[SourceQuality "1"]

1. Nf3 f5 2. b3 e6 3. Bb2 Nf6 4. e3 Be7 5. d3 b6 6. Nbd2 Bb7 7. Qe2 0-0 8. Rg1 Qe8 9. h3 Qh5 10. 0-0-0 f4 11. e4 Qa5 12. Kb1 b5 13. g3 fxg3 14. Rxg3 Qb6 15. Ne5 d6 16. Ng4 e5 17. Nh6+ Kh8 18. Nf5 Rf7 19. Nf3 Nbd7 20. Ng5 Raf8 21. h4 g6 22. Nxf7+ Rxf7 23. Nxe7 Rxe7 24. Bh3 d5 25. Bxd7 Nxd7 26. exd5 Bxd5 27. f4 1-0

[Event "Montecatini Terme op 10th"]
[Site "Montecatini Terme"]
[Date "2004.12.29"]
[Round "5"]
[White "Amato, Andrea"]
[Black "Cecconi, Giovanni Alberto"]
[Result "0-1"]
[WhiteElo "2061"]
[BlackElo "2185"]
[PlyCount "64"]
[EventDate "2004.12.27"]
[EventType "swiss"]
[EventRounds "7"]
[EventCountry "ITA"]
[SourceTitle "CBM 104 Extra"]
[Source "ChessBase"]
[SourceDate "2005.03.01"]
[SourceVersion "1"]
[SourceVersionDate "2005.03.01"]
[SourceQuality "1"]

1. e4 g6 2. d4 Bg7 3. c4 c5 4. Nf3 cxd4 5. Nxd4 Qb6 6. Nb3 d6 7. Nc3 Nf6 8. Be3 Qd8 9. c5 0-0 10. cxd6 exd6 11. Be2 Nc6 12. Qd2 Re8 13. f3 Be6 14. Nd4 Nxd4 15. Bxd4 d5 16. e5 Nd7 17. f4 Nb8 18. Nb5 Nc6 19. Bc5 b6 20. Ba3 Qh4+ 21. g3 Qh3 22. Bf1 Qh5 23. Nc7 Nxe5 24. Be2 Nf3+ 25. Kd1 Bg4 26. h3 Nxd2 27. Bxg4 Qh6 28. Kxd2 g5 29. Nxa8 gxf4 30. Nc7 f3+ 31. Kd1 Re2 32. Bb4 Qe3 0-1

[Event "Lugano op"]
[Site "Lugano"]
[Date "2004.10.31"]
[Round "3"]
[White "Rovatti, Paolo Guglielmo"]
[Black "Cecconi, Giovanni Alberto"]
[Result "0-1"]
[WhiteElo "1950"]
[BlackElo "2185"]
[PlyCount "76"]
[EventDate "2004.10.30"]
[EventType "swiss"]
[EventRounds "6"]
[EventCountry "SUI"]
[SourceTitle "EXT 2007"]
[Source "ChessBase"]
[SourceDate "2006.11.23"]
[SourceVersion "1"]
[SourceVersionDate "2006.11.23"]
[SourceQuality "1"]

1. e4 g6 2. d4 Bg7 3. Nc3 c6 4. Nf3 d6 5. Bg5 Bg4 6. Be2 Bxf3 7. Bxf3 Qb6 8. Be3 Qxb2 9. Na4 Qb4+ 10. c3 Qa5 11. Qc2 Nf6 12. 0-0 0-0 13. Nb2 Nbd7 14. Nd3 Rfe8 15. c4 Rac8 16. Qb3 Qc7 17. Rab1 b6 18. c5 Rb8 19. Qa3 bxc5 20. dxc5 Rxb1 21. Rxb1 d5 22. exd5 Nxd5 23. Bd2 e5 24. Nb4 e4 25. Bg4 N7f6 26. Bh3 Rb8 27. Rb3 Nxb4 28. Rxb4 Rd8 29. Qc1 h5 30. Bg5 Qe5 31. g3 Rd5 32. Be3 Bf8 33. Rc4 Rd3 34. Kg2 Nd5 35. Bd7 Nxe3+ 36. fxe3 Qd5 37. Be8 Rd2+ 38. Kg1 Rd1+ 0-1

[Event "ITA-chT A2 36th"]
[Site "Italy"]
[Date "2004.03.07"]
[Round "2"]
[White "Cecconi, Giovanni Alberto"]
[Black "Massetti, Gianfranco"]
[Result "1/2-1/2"]
[WhiteElo "2191"]
[BlackElo "1911"]
[PlyCount "95"]
[EventDate "2004.02.22"]
[EventType "team"]
[EventRounds "7"]
[EventCountry "ITA"]
[SourceTitle "EXT 2009"]
[Source "ChessBase"]
[SourceDate "2008.11.26"]
[SourceVersion "1"]
[SourceVersionDate "2008.11.26"]
[SourceQuality "1"]

1. d4 d5 2. Bg5 Nf6 3. Bxf6 exf6 4. e3 Be6 5. Nf3 Nd7 6. Nbd2 c6 7. Bd3 f5 8. 0-0 g5 9. c4 Bd6 10. Ne1 Nf6 11. cxd5 cxd5 12. Bb5+ Kf8 13. Nd3 Rc8 14. Nf3 Ne4 15. Nfe5 Bb8 16. Qh5 h6 17. Rac1 Rxc1 18. Rxc1 Kg7 19. Qe2 Qd6 20. f3 Nf6 21. Qe1 Qb6 22. Ba4 f4 23. Bb3 fxe3 24. Qxe3 Re8 25. Nc5 a5 26. f4 g4 27. Qd3 Ne4 28. Nxe4 dxe4 29. Qxe4 Bxb3 30. axb3 Qxb3 31. Rc2 Qb6 32. Rd2 Ba7 33. Qf5 Qe6 34. Qxe6 Rxe6 35. Kf1 Rd6 36. Nc4 Rxd4 37. Rxd4 Bxd4 38. Nxa5 Bxb2 39. Nxb7 Kg6 40. Ke2 Kf5 41. Nd6+ Kxf4 42. Nxf7 h5 43. Nd6 h4 44. Nc4 Bd4 45. Nd2 Bg1 46. h3 gxh3 47. gxh3 Kg3 48. Nf3 1/2-1/2

[Event "Salento op 6th"]
[Site "Gallipoli"]
[Date "2001.06.29"]
[Round "1"]
[White "Decataldo, Alba"]
[Black "Cecconi, Giovanni Alberto"]
[Result "0-1"]
[WhiteElo "1755"]
[BlackElo "2085"]
[PlyCount "73"]
[EventDate "2001.06.29"]
[EventType "swiss"]
[EventRounds "6"]
[EventCountry "ITA"]
[SourceTitle "EXT 2002"]
[Source "ChessBase"]
[SourceDate "2001.11.25"]
[SourceVersion "1"]
[SourceVersionDate "2001.11.25"]
[SourceQuality "1"]

1. e4 g6 2. Nf3 Bg7 3. Bc4 c6 4. Nc3 d6 5. 0-0 Nf6 6. h3 b5 7. Bb3 b4 8. Ne2 Nxe4 9. a3 bxa3 10. Rxa3 0-0 11. d3 Nc5 12. Ba2 Qb6 13. c3 Nba6 14. Ng3 e5 15. Re1 Nc7 16. d4 exd4 17. Nxd4 Ba6 18. Bb1 Rae8 19. Rxe8 Rxe8 20. b4 N5e6 21. Nxe6 Nxe6 22. Be3 Qb5 23. c4 Qb7 24. Ba2 Nc7 25. Qb3 d5 26. b5 Nxb5 27. cxb5 Bxb5 28. Rxa7 Qb8 29. Qa3 h5 30. Qb4 Rxe3 31. fxe3 Qxa7 32. Qd2 Bh6 33. Kf2 h4 34. Ne2 Bxe3+ 35. Qxe3 Qxa2 36. Qe8+ Kg7 37. Qe5+ 0-1

[Event "Montecatini Terme op"]
[Site "Montecatini Terme"]
[Date "1998.??.??"]
[Round "1"]
[White "Greenfeld, Alon"]
[Black "Cecconi, Giovanni Alberto"]
[Result "1-0"]
[WhiteElo "2530"]
[BlackElo "2200"]
[PlyCount "67"]
[EventDate "1998.??.??"]
[EventType "swiss"]
[EventRounds "9"]
[EventCountry "ITA"]
[SourceTitle "EXT 2000"]
[Source "ChessBase"]
[SourceDate "1999.11.16"]
[SourceVersion "1"]
[SourceVersionDate "1999.11.16"]
[SourceQuality "1"]

1. d4 f5 2. Nc3 d5 3. e4 dxe4 4. Bf4 e6 5. f3 exf3 6. Nxf3 Nf6 7. Bc4 Bd6 8. Qd2 0-0 9. 0-0 c6 10. Rae1 Nd5 11. Be5 Bxe5 12. Rxe5 b5 13. Bd3 b4 14. Na4 Nd7 15. Ree1 a5 16. Ng5 N7b6 17. Nc5 Nc7 18. c3 Rf6 19. Kh1 Qe8 20. Qf4 Ra7 21. Bc2 a4 22. b3 bxc3 23. bxa4 h6 24. Nf3 Qd8 25. Ne5 Qd6 26. Ng4 Qxf4 27. Nxf6+ gxf6 28. Rxf4 Ncd5 29. Rf3 Kf7 30. Bb3 Re7 31. a5 Nd7 32. Bxd5 Nxc5 33. Bxc6 Rc7 34. Rxc3 1-0

[Event "ITA-chT 28th"]
[Site "Italy"]
[Date "1996.??.??"]
[Round "5"]
[White "Cecconi, Giovanni Alberto"]
[Black "Sciortino, Massimo"]
[Result "0-1"]
[WhiteElo "2103"]
[BlackElo "1984"]
[PlyCount "126"]
[EventDate "1996.02.25"]
[EventType "team-swiss"]
[EventRounds "7"]
[EventCountry "ITA"]
[SourceTitle "EXT 2021"]
[Source "ChessBase"]
[SourceDate "2020.10.23"]
[SourceVersion "1"]
[SourceVersionDate "2020.10.23"]
[SourceQuality "1"]

1. g3 f5 2. Bg2 Nf6 3. d3 e5 4. Nf3 d6 5. 0-0 Be7 6. c4 0-0 7. Nc3 Kh8 8. Bd2 Qe8 9. Rc1 Qh5 10. Nd5 Bd8 11. Nxf6 Bxf6 12. Bc3 f4 13. b4 Nc6 14. Qd2 Bh3 15. b5 Ne7 16. Rc2 Rae8 17. Qc1 Ng8 18. Re1 Nh6 19. Bh1 g5 20. Nd2 Ng4 21. Ne4 fxg3 22. Nxg3 Qh4 23. e3 Bg7 24. f3 Nxh2 25. Kxh2 Bg4+ 26. Kg1 Qxg3+ 27. Rg2 Qxf3 28. Rh2 Qf7 29. Bxb7 Bf3 30. Rf1 g4 31. Qe1 Qg6 32. Bc6 Bxc6 33. bxc6 Qxd3 34. Rxf8+ Rxf8 35. Ba5 Qxc4 36. Bxc7 Qxc6 37. Ba5 Qe4 38. Bb4 Rb8 39. Rb2 Bh6 40. Rb3 a5 41. Bd2 Rxb3 42. axb3 Qc2 43. Qf1 Kg7 44. Qg2 Qd1+ 45. Kh2 Qf3 46. Qxf3 gxf3 47. Kg3 e4 48. Kf2 Kf7 49. Bxa5 Bg7 50. Be1 Ke6 51. Kg3 d5 52. Bf2 Bc3 53. Kf4 Be5+ 54. Kg5 Bd6 55. Kg4 Kf6 56. Bg1 h5+ 57. Kh4 Bb4 58. Bf2 Bd2 59. Kg3 Kf5 60. Kh3 Bc3 61. Kg3 Ke5 62. Kh3 d4 63. Bg3+ Kd5 0-1

[Event "Montecatini Terme op"]
[Site "Montecatini Terme"]
[Date "1994.??.??"]
[Round "?"]
[White "Bartolini, Tommaso"]
[Black "Cecconi, Giovanni Alberto"]
[Result "1/2-1/2"]
[WhiteElo "2090"]
[BlackElo "2240"]
[PlyCount "27"]
[EventDate "1994.??.??"]
[EventType "swiss"]
[EventRounds "9"]
[EventCountry "ITA"]
[SourceTitle "EXT 1999"]
[Source "ChessBase"]
[SourceDate "1998.11.16"]
[SourceVersion "1"]
[SourceVersionDate "1998.11.16"]
[SourceQuality "1"]

1. d4 d5 2. Nf3 Nf6 3. c4 e6 4. Nc3 c6 5. cxd5 exd5 6. Bg5 Be7 7. e3 Bg4 8. Qb3 Qb6 9. Ne5 Bf5 10. Bd3 Bxd3 11. Nxd3 Nbd7 12. 0-0 0-0 13. Qd1 Rae8 14. Rc1 1/2-1/2

[Event "Bologna op"]
[Site "Bologna"]
[Date "1991.??.??"]
[Round "?"]
[White "Cecconi, Giovanni Alberto"]
[Black "Mrdja, Milan"]
[Result "0-1"]
[WhiteElo "2270"]
[BlackElo "2380"]
[PlyCount "58"]
[EventDate "1991.??.??"]
[EventType "swiss"]
[EventRounds "7"]
[EventCountry "ITA"]
[SourceTitle "EXT 2004"]
[Source "ChessBase"]
[SourceDate "2003.11.25"]
[SourceVersion "1"]
[SourceVersionDate "2003.11.25"]
[SourceQuality "1"]

1. d4 Nf6 2. c4 c5 3. d5 d6 4. Nc3 e6 5. e4 exd5 6. cxd5 a6 7. a4 g6 8. f4 Bg7 9. Nf3 0-0 10. Bd3 Bg4 11. 0-0 Nbd7 12. h3 Bxf3 13. Qxf3 Rc8 14. Be3 c4 15. Bc2 Nc5 16. Bd4 Nfd7 17. Qf2 Bxd4 18. Qxd4 Qb6 19. a5 Qa7 20. Kh1 Rfe8 21. Rae1 b5 22. e5 Qc7 23. e6 fxe6 24. dxe6 Nxe6 25. Qd1 Ng7 26. Nd5 Qd8 27. Qg4 Kh8 28. f5 Rc5 29. Qf3 gxf5 0-1